01323nam a2200289 a 450000100060000000300080000600500170001400800410003103500200007204000370009204100080012908200210013710000380015824502550019626000660045130000200051749000230053765000200056070000330058070000350061370000470064883000310069594200120072699900170073895201380075595201400089336455BD-RjUL20211209052505.0190310r18791956enka 000 0 eng d a(BD-RjUL) 36555 aLUUcLUUdOCLdEQOdBD-RjULbeng aeng04a321.07bMOU 19561 aMore, Thomas,d1478-1535.911098410aUtopia /cSir Thomas More ; translated by Raphe Robynson, together with the life of Sir Thomas More, by his son-in-law, William Roper, reprinted from Hearne's edition 1716 ; ed., with introd., notes, glossary, and index of names, by J. Rawson Lumby. aCambridge :bat the university press,c1879 [reprinted 1956]. a259 p. ;c17 cm aPitt press series. 0aUtopias9110985 aRobynson, Raphe. tr.9110986 a Roper, William, ed. 9229181 aLumby, J. Rawson, ed. & Introducer9229179 aPitt press series.9229182 2ddccBK c36455d36455 00102ddc40708NFICaRUCLbRUCLcStackd1956-12-04eZeitlinger.g9.60l0o321.07 MOU 1956r2014-06-24 00:00:00tC-2w2021-12-09yBK 00102ddc40718RAREaRUCLbRUCLcRared1965-12-04eZeitlingerg9.60l0oRA 321.07 MOU 1956r2019-03-10 00:00:00tC-1w2021-12-09yRAR